Nociones acerca del agua

Kaydedildi:
Detaylı Bibliyografya
Asıl Yazarlar: Leopold, Luna B (Yazar), Langbein, Walter B (Yazar)
Materyal Türü: Kitap
Dil:İspanyolca
Baskı/Yayın Bilgisi: Ciudad de México Centro Regional de Ayuda Técnica 1973
Konular:
Etiketler: Etiketle
Etiket eklenmemiş, İlk siz ekleyin!

MARC

LEADER 00000nam a2200000 a 4500
001 UCR4072
003 CL-VaPUC
008 980307e19730000MX |||||||||||||||||spa|d
082 0 4 |a 551.8  |b LEO  |2 21 
100 0 |a Leopold, Luna B  |e author  |9 403646 
700 0 |a Langbein, Walter B  |e author  |9 403647 
245 1 0 |a Nociones acerca del agua 
300 |a 48 p 
942 |c BK 
945 |d 19980307 00:00:00  |a rleighto 
260 |a Ciudad de México  |b Centro Regional de Ayuda Técnica  |c 1973 
650 0 |a Hidrología  |9 261396 
650 7 |a PERMEABILIDAD  |2 CL-VaPUC  |9 262772 
650 7 |a EVAPORACION  |2 CL-VaPUC  |9 264095 
650 0 |a Riego  |9 259685 
650 0 |a Erosión  |9 262782 
583 |a last modification  |c 19980307 00:00:00  |k Rodrigo Vera 
999 |c 267028  |d 267026